000 00345 a2200157 4500
001 60298
020 _a8508065205
040 _cAnchieta - Pituba
100 _aFerreira, Luiz Antônio
240 1 0 _aRoteiro de leitura
_lpor
245 1 0 _aRoteiro de leitura
300 _a128
362 0 _a1997
650 4 _aAnálise e crítica
942 _cBK
999 _c60298
_d60298